Ainoa valtio... - Statistics

Yleistilastot
  • Tätä visaa on pelattu 100 kertaa
  • Keskiarvotulos 14 / 22
Vastaustilastot
Nimeä ainoa valtio, Valtio % Oikein
Joka on kokonaan kaupungin ympäröimä Vatikaanivaltio
96%
Joka alkaa O-kirjaimella Oman
94%
Joka alkaa Z-kirjaimella Zimbabwe
94%
jonka asukkaista suurin osa on juutalaisia Israel
93%
joka on käyttänyt ydinaseita sodassa Yhdysvallat
91%
jossa on nopeusrajoituksettomia teitä Saksa
88%
jonka lippu ei ole nelikulmio Nepal
84%
jolla on suurempi pinta-ala kuin Plutolla Venäjä
84%
joka on voittanut jalkapallonmaailmanmestaruuden 5 kertaa Brasilia
81%
joka ei tunnusta Kyprosta Turkki
75%
jolla on kolme virallista pääkaupunkia Etelä-Afrikka
68%
jolla on keisari Japani
64%
joka on itsenäistynyt Etiopiasta Eritrea
62%
joka on Gambian naapurimaa Senegal
59%
jonka virallinen kieli on Maori Uusi-Seelanti
59%
joka on kaupunkivaltio saarella Singapore
45%
jota hallitsee seitsemän Šeikin neuvosto Yhdistyneet Arabiemiirikunnat
45%
jolla on 12 aikavyöhykettä Ranska
42%
jonka pääkaupungin korkeusmerenpinnasta on yli 3000 metriä Bolivia
32%
jonka korkein kohta sijaitsee rinteessä Suomi
25%
jossa puhutaan yli 800 eri kieltä Papua-Uusi-Guinea
21%
jolla on libertaarinen valtionpäämies Argentiina
6%
Ehtoja vastaavia visoja ei löytynyt
Tulosjakauma
Jokaisen tuloksen saaneiden osuus
Persentiili vastausten määrän mukaan
Tuloshistoriasi
Et ole pelannut tätä visaa